Speedway Grand Prix Points Scorers By Nationality - Statistics

General Stats
  • This quiz has been taken 32 times
  • The average score is 13 of 19
Answer Stats
Nationality GP Pts Answer % Correct
Poland 1908 Tomasz Gollob
100%
Slovakia 845 Martin Vaculík
97%
Sweden 1718 Fredrik Lindgren
93%
Denmark 1972 Nicki Pedersen
93%
Great Britain 1365 Tai Woffinden
93%
United States 2655 Greg Hancock
90%
Australia 1944 Jason Crump
87%
Slovenia 1005 Matej Žagar
87%
Russia 1086 Emil Sayfutdinov
83%
Germany 116 Martin Smolinski
77%
Norway 293 Rune Holta
77%
Latvia 147 Andžejs Ļebedevs
73%
Croatia 22 Jurica Pavlič
67%
Czech Republic 222 Lukáš Dryml
67%
Italy 23 Armando Castagna
57%
Ukraine 6 Aleksandr Loktaev
43%
Finland 36 Kaj Laukkanen
30%
Hungary 21 Zoltan Adorjan
23%
Austria 6 Franz Leitner
10%
No matching quizzes found
Score Distribution
Percent of People with Each Score
Percentile by Number Answered
Your Score History
You have not taken this quiz